El príncipe / (Registro nro. 58327)
[ vista simple ]
| 000 -LEADER | |
|---|---|
| fixed length control field | 00965cam a2200313 i 4500 |
| 001 - CONTROL NUMBER | |
| control field | 58327 |
| 003 - CONTROL NUMBER IDENTIFIER | |
| control field | Mx-PuUPA |
| 005 - DATE AND TIME OF LATEST TRANSACTION | |
| control field | 20240801091321.0 |
| 008 - FIXED-LENGTH DATA ELEMENTS--GENERAL INFORMATION | |
| fixed length control field | 140415s2009 mx gr 000 e spa d |
| 020 ## - INTERNATIONAL STANDARD BOOK NUMBER | |
| International Standard Book Number | 9685146160 |
| 040 ## - CATALOGING SOURCE | |
| Transcribing agency | Mx-PuUPA |
| Original cataloging agency | Mx-PuUPA |
| Language of cataloging | spa |
| Modifying agency | Mx-PuUPA |
| Description conventions | rda |
| 041 0# - LANGUAGE CODE | |
| Language code of text/sound track or separate title | spa |
| 100 1# - MAIN ENTRY--PERSONAL NAME | |
| Personal name | Machiavelli, Niccolò, |
| Dates associated with a name | 1469-1527 |
| 9 (RLIN) | 2881 |
| Relator term | autor |
| 245 13 - TITLE STATEMENT | |
| Title | El príncipe / |
| Statement of responsibility, etc. | Nicolás Maquiavelo |
| 246 33 - VARYING FORM OF TITLE | |
| Title proper/short title | Maquiavelo |
| 250 ## - EDITION STATEMENT | |
| Edition statement | 2009 |
| 264 #1 - PRODUCTION, PUBLICATION, DISTRIBUTION, MANUFACTURE, AND COPYRIGHT NOTICE | |
| Place of production, publication, distribution, manufacture | Ciudad Nezahualcóyotl, Estado de México : |
| Name of producer, publisher, distributor, manufacturer | Ediciones Leyenda, |
| Date of production, publication, distribution, manufacture, or copyright notice | 2009 |
| 300 ## - PHYSICAL DESCRIPTION | |
| Extent | 107 páginas ; |
| Dimensions | 21 cm |
| 336 ## - CONTENT TYPE | |
| Fuente | rdacontent |
| Content type term | texto |
| Content type code | txt |
| 337 ## - MEDIA TYPE | |
| Source | rdamedia |
| Media type term | sin medio |
| Media type code | n |
| 338 ## - CARRIER TYPE | |
| Source | rdacarrier |
| Carrier type term | volumen |
| Carrier type code | nc |
| 490 0# - SERIES STATEMENT | |
| Series statement | Colección Clásicos |
| 545 1# - BIOGRAPHICAL OR HISTORICAL DATA | |
| Biographical or historical data | Reimpresiones (edición, 2012). |
| 650 #7 - SUBJECT ADDED ENTRY--TOPICAL TERM | |
| Source of heading or term | armarc |
| Topical term or geographic name entry element | Ciencias políticas |
| 650 #7 - SUBJECT ADDED ENTRY--TOPICAL TERM | |
| Source of heading or term | armarc |
| Topical term or geographic name entry element | Ética política |
| 942 ## - ADDED ENTRY ELEMENTS (KOHA) | |
| Source of classification or shelving scheme | Dewey Decimal Classification |
| Koha item type | Libro |
| Classification part | 320 |
| Item part | M113 |
| Withdrawn status | Lost status | Source of classification or shelving scheme | Damaged status | Not for loan | Collection code | Home library | Current library | Shelving location | Date acquired | Source of acquisition | Total Checkouts | Full call number | Barcode | Date last seen | Price effective from | Koha item type | Date last checked out | Copy number |
|---|---|---|---|---|---|---|---|---|---|---|---|---|---|---|---|---|---|---|
| Dewey Decimal Classification | General | Tehuacán | Tehuacán | Sala general | 16/11/2016 | Compra | 320.5 M2978 2009 | 968000002434 | 08/01/2025 | 16/11/2016 | Libro | |||||||
| Dewey Decimal Classification | General | Tehuacán | Tehuacán | Sala general | 13/06/2016 | Compra | 320 M113 2009 | 968000002268 | 08/01/2025 | 13/06/2016 | Libro | 07/10/2016 | Ej.2 |